Variability in quality and molecular breakdown behaviour of skim rubber (Record no. 72086)
[ view plain ]
| 000 -LEADER | |
|---|---|
| fixed length control field | 01247nam a2200205Ia 4500 |
| 100 ## - MAIN ENTRY--AUTHOR NAME | |
| Personal name | Thomas K T |
| 245 #0 - TITLE STATEMENT | |
| Title | Variability in quality and molecular breakdown behaviour of skim rubber |
| 260 ## - PUBLICATION, DISTRIBUTION, ETC. (IMPRINT) | |
| Name of publisher | Indian Journal of Natural Rubber Research |
| Year of publication | 1997 |
| 300 ## - PHYSICAL DESCRIPTION | |
| Number of Pages | 53-60 |
| 520 ## - SUMMARY, ETC. | |
| Summary, etc | Skim rubber samples from four processing units were analysed for raw rubber properties. Mplecular breakdown characteristics were studied using a torque rheometer. Both skim crepe and skim block were employed for the studies. Skim rubber showed higher level of inconsistency in raw rubber properties, except for Wallace plasticity. Plasticity of skim rubber was found to be the major factor influencing energy consumption during initial breakdown. The rate of breakdown of skim blocks was higher than that of skim crepe. Plasticity retention index was found to be inversely related to the initial rate of breakdown. The effect of peptiser was found to be less in skim rubber compared to ISNR 5. |
| 650 ## - SUBJECT ADDED ENTRY--TOPICAL TERM | |
| Topical Term | Molecular breakdown |
| 650 ## - SUBJECT ADDED ENTRY--TOPICAL TERM | |
| Topical Term | Raw rubber properties |
| 650 ## - SUBJECT ADDED ENTRY--TOPICAL TERM | |
| Topical Term | Skim rubber |
| 650 ## - SUBJECT ADDED ENTRY--TOPICAL TERM | |
| Topical Term | Torque |
| 650 ## - SUBJECT ADDED ENTRY--TOPICAL TERM | |
| Topical Term | Totalised torque |
| 700 ## - ADDED ENTRY--PERSONAL NAME | |
| Personal name | Jacob J |
| 700 ## - ADDED ENTRY--PERSONAL NAME | |
| Personal name | Mathew N M |
| 942 ## - ADDED ENTRY ELEMENTS (KOHA) | |
| Koha item type | Journals |
| Withdrawn status | Lost status | Damaged status | Not for loan | Home library | Current library | Shelving location | Date acquired | Serial Enumeration / chronology | Koha item type |
|---|---|---|---|---|---|---|---|---|---|
| Journals | RRII Library | RRII Library | Rubber chemistry | 17/12/2021 | Volume 10, Issue 02-Jan | Journals |